| 000 | 00524nam a2200169 i 4500 | ||
|---|---|---|---|
| 001 | 141119 | ||
| 003 | ES-MaACL | ||
| 005 | 20230906200227.0 | ||
| 007 | t| | ||
| 008 | 070919s1984 sp ||||1| spa d | ||
| 100 | 1 |
_aYurkievich, Saúl. _9117748 |
|
| 245 | 1 | 0 |
_aA través de la trama _b: sobre vanguardias literarias y otras concomitancias / _cSaúl Yurkievich. |
| 260 |
_a[Barcelona] : _bMuchnik, _c[1984] |
||
| 300 |
_a220 p. ; _c20 cm. |
||
| 650 |
_aCrítica literaria. _911448 |
||
| 852 |
_aES-MaACL _jL-6260 _bR.107001 |
||
| 999 |
_c141119 _d141119 |
||